International Economics
Furkejuvvon:
| Váldodahkki: | |
|---|---|
| Materiálatiipa: | Girji |
| Almmustuhtton: |
Pearson
|
| Fáttát: | |
| Fáddágilkorat: |
Eai fáddágilkorat, Lasit vuosttaš fáddágilkora!
|
MARC
| LEADER | 00000nam a2200000Ia 4500 | ||
|---|---|---|---|
| 005 | 20260427112716.0 | ||
| 526 | |b Economics | ||
| 100 | |a Krugman & Obstfeld | ||
| 020 | |a 9780135766859 | ||
| 650 | |a International Economics | ||
| 526 | |a Bachelors | ||
| 942 | |c BK | ||
| 245 | |a International Economics | ||
| 260 | |b Pearson | ||
| 999 | |c 94 |d 94 | ||
| 952 | |0 0 |1 0 |4 0 |7 0 |8 1 |a BRISTOL |b BRISTOL |d 2026-04-22 |l 0 |p 000028 |r 2026-04-27 11:27:16 |w 2026-04-27 |y BK | ||